000 00602cam a2200181 i 4500
020 _a0839108944
040 _cDLC
082 0 0 _a581 UNI 1976 A031 Or.
245 1 0 _aCO₂ metabolism and plant productivity :
_b[proceedings of the fifth annual Harry Steenbock Symposium, held in Madison, Wisconsin, on June 9-11, 1975] /
260 _aBaltimore :
_bUniversity Park Press,
_cc1976.
300 _axi, 431 p. ;
_bill. ;
_c24 cm.
650 0 _aCarbon dioxide
650 0 _aPlants
650 0 _aPrimary productivity (Biology)
700 1 _aBurris, Robert H.
700 1 _aBlack, Clanton C.
942 _cEK
999 _c12003
_d12003